书目信息 |
| 题名: |
从打工到创业
|
|
| 作者: | 华章 编著 | |
| 分册: | ||
| 出版信息: | 北京 金城出版社 2004.05 |
|
| 页数: | 336页 | |
| 开本: | 21cm | |
| 丛书名: | ||
| 单 册: | ||
| 中图分类: | F270 | |
| 科图分类: | ||
| 主题词: | 企业管理 | |
| 电子资源: | ||
| ISBN: | 7-80084-594-X | |
| 000 | 00718nam0 2200217 450 | |
| 001 | 192004001747 | |
| 005 | 20070905162325.21 | |
| 010 | @a7-80084-594-X@dCNY19.80 | |
| 100 | @a20070531d2004 ekmy0chiy0121 ea | |
| 101 | 0 | @achi |
| 102 | @aCN@b110000 | |
| 105 | @ay z 000yy | |
| 200 | 1 | @a从打工到创业@Acong da gong dao chuang ye@f华章编著 |
| 210 | @a北京@c金城出版社@d2004.05 | |
| 215 | @a336页@d21cm | |
| 330 | @a本书中的观点与以验,无论是对你的行动还是思想,一定都会大有帮助。本书教你如何确立自己的起点、如何寻找事业的伙伴、如何利用资金、进行管理、如何开展经营、如何绕过商业陷阱等。 | |
| 606 | 0 | @a企业管理 |
| 690 | @aF270@v4 | |
| 701 | 0 | @a华章@Ahua zhang@4编著 |
| 801 | 0 | @aCN@c20070905 |
| 905 | @dF270@eH694 | |
| 从打工到创业/华章编著.-北京:金城出版社,2004.05 |
| 336页;21cm |
| ISBN 7-80084-594-X:CNY19.80 |
| 本书中的观点与以验,无论是对你的行动还是思想,一定都会大有帮助。本书教你如何确立自己的起点、如何寻找事业的伙伴、如何利用资金、进行管理、如何开展经营、如何绕过商业陷阱等。 |
| ● |
| 相关链接 |
|
|
|
正题名:从打工到创业
索取号:F270/H694
 
预约/预借
| 序号 | 登录号 | 条形码 | 馆藏地/架位号 | 状态 | 备注 |
| 1 | 624298 | 206242984 | 社科库409/409社科库 83排2列2层/ [索取号:F270/H694] | 在馆 | |
| 2 | 624299 | 206242993 | 社科库409/409社科库 83排2列2层/ [索取号:F270/H694] | 在馆 | |
| 3 | 624300 | 206243000 | 社科库409/409社科库 83排2列2层/ [索取号:F270/H694] | 在馆 |